Воздействие элементов фильтрации на биоэлектрический сигнал; Информационно-измерительная техника и технологии
| Parent link: | Информационно-измерительная техника и технологии.— 2013.— [С. 195-199] |
|---|---|
| Glavni avtor: | |
| Korporativna značnica: | |
| Drugi avtorji: | , |
| Izvleček: | Заглавие с титульного листа Одной из основных проблем электрокардиографии, со стороны области биомедицинской обработки данных, является отделение полезного сигнала от помех вызванных линиями электрических передач (ЛЭП) помехами, внешними электромагнитными полями, случайными движениями тела и дыхания. В данный момент, для очистки сигнала от нежелательных частотных диапазонов применяются различные типы цифровых фильтров. Адаптивная фильтрация является техникой, необходимой для преодоления этой проблемы. В этой статье представлены результаты моделирования работы фильтров в MATLAB One of the main problem in biomedical data processing like electrocardiography is the separation of the wanted signal from noises caused by power line interference, external electromagnetic fields, random body movements and respiration. Different types of digital filters are used to remove signal components from unwanted frequency ranges. It is difficult to apply filters with fixed coefficients to reduce Biomedical Signal noises, because human behavior is not exact known depending on the time. Adaptive filter technique is required to overcome this problem. In this paper are presented results of simulations in MATLAB |
| Jezik: | ruščina |
| Izdano: |
2013
|
| Teme: | |
| Online dostop: | http://www.lib.tpu.ru/fulltext/c/2013/C18/038.pdf |
| Format: | MixedMaterials Elektronski Book Chapter |
| KOHA link: | https://koha.lib.tpu.ru/cgi-bin/koha/opac-detail.pl?biblionumber=242098 |
MARC
| LEADER | 00000naa2a2200000 4500 | ||
|---|---|---|---|
| 001 | 242098 | ||
| 005 | 20251218160747.0 | ||
| 035 | |a (RuTPU)RU\TPU\book\263394 | ||
| 035 | |a RU\TPU\book\263388 | ||
| 090 | |a 242098 | ||
| 100 | |a 20130826d2013 k y0rusy50 ca | ||
| 101 | 0 | |a rus | |
| 102 | |a RU | ||
| 135 | |a drnn ---uucaa | ||
| 181 | 0 | |a i | |
| 182 | 0 | |a b | |
| 200 | 1 | |a Воздействие элементов фильтрации на биоэлектрический сигнал |d The filtering effect on the bioelectrical signal |f Е. Е. Моженина, К. В. Оверчук, И. А. Лежнина | |
| 203 | |a Текст |c электронный | ||
| 215 | |a 1 файл (416 Кб) | ||
| 300 | |a Заглавие с титульного листа | ||
| 320 | |a [Библиогр.: с. 199 (3 назв.)] | ||
| 330 | |a Одной из основных проблем электрокардиографии, со стороны области биомедицинской обработки данных, является отделение полезного сигнала от помех вызванных линиями электрических передач (ЛЭП) помехами, внешними электромагнитными полями, случайными движениями тела и дыхания. В данный момент, для очистки сигнала от нежелательных частотных диапазонов применяются различные типы цифровых фильтров. Адаптивная фильтрация является техникой, необходимой для преодоления этой проблемы. В этой статье представлены результаты моделирования работы фильтров в MATLAB | ||
| 330 | |a One of the main problem in biomedical data processing like electrocardiography is the separation of the wanted signal from noises caused by power line interference, external electromagnetic fields, random body movements and respiration. Different types of digital filters are used to remove signal components from unwanted frequency ranges. It is difficult to apply filters with fixed coefficients to reduce Biomedical Signal noises, because human behavior is not exact known depending on the time. Adaptive filter technique is required to overcome this problem. In this paper are presented results of simulations in MATLAB | ||
| 337 | |a Adobe Reader | ||
| 463 | 1 | |0 (RuTPU)RU\TPU\book\262947 |t Информационно-измерительная техника и технологии |o материалы IV Научно-практической конференции, Томск, 15-17 мая 2013 г. |f Национальный исследовательский Томский политехнический университет (ТПУ) ; под ред. А. В. Юрченко |v [С. 195-199] |d 2013 | |
| 510 | 1 | |a The filtering effect on the bioelectrical signal |z eng | |
| 610 | 1 | |a труды учёных ТПУ | |
| 610 | 1 | |a электронный ресурс | |
| 610 | 1 | |a ЭКГ-сигналы | |
| 610 | 1 | |a электрокардиографы | |
| 610 | 1 | |a моделирование | |
| 610 | 1 | |a фильтры | |
| 610 | 1 | |a нижние частоты | |
| 700 | 1 | |a Моженина |b Е. Е. | |
| 701 | 1 | |a Оверчук |b К. В. | |
| 701 | 1 | |a Лежнина |b И. А. |c специалист в области неразрушающего контроля |c доцент Томского политехнического университета, кандидат технических наук |f 1984- |g Инна Алексеевна |3 (RuTPU)RU\TPU\pers\27095 | |
| 712 | 0 | 2 | |a Национальный исследовательский Томский политехнический университет (ТПУ) |b Институт неразрушающего контроля (ИНК) |b Кафедра информационно-измерительной техники (ИИТ) |3 (RuTPU)RU\TPU\col\18718 |
| 801 | 1 | |a RU |b 63413507 |c 20130116 | |
| 801 | 2 | |a RU |b 63413507 |c 20130925 |g RCR | |
| 856 | 4 | |u http://www.lib.tpu.ru/fulltext/c/2013/C18/038.pdf | |
| 942 | |c CF | ||